Poultry / (Record no. 2062)
[ view plain ]
| 000 -LEADER | |
|---|---|
| fixed length control field | 00474cam a2200193ua 4500 |
| 020 ## - INTERNATIONAL STANDARD BOOK NUMBER | |
| ISBN | 81-204-0098-4 |
| 041 ## - LANGUAGE CODE | |
| Language code of text/sound track or separate title | eng |
| 082 ## - DEWEY DECIMAL CLASSIFICATION NUMBER | |
| Classification number | 636.5 |
| Item number | BAN/PO |
| 100 ## - MAIN ENTRY--AUTHOR NAME | |
| Personal name | Banerjee, G.C . |
| 245 ## - TITLE STATEMENT | |
| Title | Poultry / |
| 250 ## - EDITION STATEMENT | |
| Edition statement | 3 / |
| 260 ## - PUBLICATION, DISTRIBUTION, ETC. (IMPRINT) | |
| Place of publication | Calcutta : |
| Name of publisher | Oxford & IBH Publishing company , |
| Year of publication | 1976. |
| 300 ## - PHYSICAL DESCRIPTION | |
| Number of Pages | 148 ; . |
| 942 ## - ADDED ENTRY ELEMENTS (KOHA) | |
| Koha item type | Books |
| Withdrawn status | Lost status | Damaged status | Home library | Current library | Date acquired | Full call number | Accession Number | Koha item type |
|---|---|---|---|---|---|---|---|---|
| KAUAET | 07/04/2012 | 636.5 | 20041 | Books | ||||
| KAUAET | KAUAET | 02/09/1986 | 636.5 | 15627 | Books |
